000 00496nam a2200121Ia 4500
008 220615s9999||||xx |||||||||||||| ||und||
100 _aWilliam A. Christian
245 0 _aDivine Presence in Spain and Western Europe 1500-1960
546 _aEnglish[eng]
650 _acalendar illustration||postcards||family photographs||picturing||photomontage||visions||church history||spirituality||religious figures||miracles||Western Europe
856 _uhttp://books.openedition.org/ceup/1912
942 _cEB
999 _c18211
_d18211